|
|
|
|
| LEADER |
02035nam a2200397 a 4500 |
| 001 |
44208 |
| 003 |
BD-DhAAL |
| 005 |
20250304141847.0 |
| 008 |
120405s2011 bg b 000 0 eng |
| 010 |
|
|
|a 2012335308
|
| 020 |
|
|
|a 9789848946060
|
| 025 |
|
|
|a B-E-2012-335308; 22-92; 26
|
| 037 |
|
|
|b Library of Congress -- New Delhi Overseas Office
|
| 040 |
|
|
|a DLC
|c DLC
|d DLC
|d BD-DhAAL
|
| 042 |
|
|
|a lcode
|a pcc
|
| 043 |
|
|
|a a-bg---
|
| 050 |
0 |
0 |
|a HC440.8
|b .I7245 2011
|
| 082 |
|
|
|a 339.46095492
|2 23
|
| 100 |
1 |
|
|a Islam, Md. Tajul.
|9 57888
|
| 245 |
1 |
0 |
|a Approach of the international development community towards poverty eradication in Bangladesh /
|c Md. Tajul Islam.
|
| 260 |
|
|
|a Dhaka :
|b Centre for Policy Dialogue :
|b South Asia Centre for Policy Studies,
|c 2011.
|
| 300 |
|
|
|a xiii, 84 p. ;
|c 24 cm.
|
| 490 |
0 |
|
|a CPD-SACEPS monograph series ;
|v 7
|
| 504 |
|
|
|a Includes bibliographical references (p. [70]-71).
|
| 541 |
|
|
|a Complimentary copy from The Centre for Policy Dialogue (CPD)
|e 44207, 44208
|
| 650 |
|
0 |
|a Poverty
|z Bangladesh.
|
| 650 |
|
0 |
|a Economic assistance
|z Bangladesh.
|
| 650 |
|
0 |
|a Economic development
|z Bangladesh.
|
| 710 |
2 |
|
|a Centre for Policy Dialogue (Bangladesh)
|
| 710 |
2 |
|
|a South Asia Centre for Policy Studies.
|9 51095
|
| 830 |
|
|
|a CPD-SACEPS monograph series ;
|v 7
|9 57886
|
| 856 |
4 |
1 |
|3 Table of contents only
|u http://www.loc.gov/catdir/toc/fy13pdf05/2012335308.html
|
| 942 |
|
|
|2 ddc
|c BK
|
| 999 |
|
|
|c 47253
|d 47253
|
| 952 |
|
|
|0 0
|1 0
|2 ddc
|4 0
|6 339_460954920000000_ISL
|7 0
|9 77440
|a BRACUL
|b BRACUL
|c GEN
|d 2025-03-04
|e Complimentary copy from The Centre for Policy Dialogue (CPD)
|g 280.00
|l 0
|o 339.46095492 ISL
|p 3010044207
|r 2025-03-04
|t 1
|w 2025-03-04
|y BK
|x Complimentary copy from The Centre for Policy Dialogue (CPD)
|
| 952 |
|
|
|0 0
|1 0
|2 ddc
|4 0
|6 339_460954920000000_ISL
|7 0
|9 77441
|a BRACUL
|b BRACUL
|c GEN
|d 2025-03-04
|e Complimentary copy from The Centre for Policy Dialogue (CPD)
|g 280.00
|l 0
|o 339.46095492 ISL
|p 3010044208
|r 2025-03-04
|t 1
|w 2025-03-04
|y BK
|x Complimentary copy from The Centre for Policy Dialogue (CPD)
|